|
|
|
|
| LEADER |
00000nam0a2200000 4500 |
| 001 |
29905 |
| 005 |
20231101205935.0 |
| 010 |
|
|
|a 5936460045
|
| 035 |
|
|
|a (RuTPU)RU\TPU\book\30171
|
| 035 |
|
|
|a BOOK00030247
|
| 090 |
|
|
|a 29905
|
| 100 |
|
|
|a 20011209d2000 km y0rusy50 ca
|
| 101 |
0 |
|
|a rus
|
| 102 |
|
|
|a RU
|
| 105 |
|
|
|a y z 000ad
|
| 200 |
1 |
|
|a Загадки русской истории. Восемнадцатый век
|f О. А. Иванов, В. С. Лопатин, К. А. Писаренко
|
| 210 |
|
|
|a Москва
|c Древлехранилище
|d 2000
|
| 215 |
|
|
|a 406 с.
|
| 600 |
|
0 |
|a Елизавета Петровна
|f 1709 - 1761/1762
|c российская императрица с 1741
|c дочь Петра I
|2 stltpush
|3 (RuTPU)RU\TPU\pers\6024
|
| 600 |
|
0 |
|a Екатерина Великая
|d II
|f 1729-1796
|c российская императрица с 1762
|c урожденная Софья Фредерика Августа Анхельт-Цербстская
|2 stltpui
|3 (RuTPU)RU\TPU\pers\98
|
| 606 |
|
|
|a Россия
|x История
|z кон. 17-18 вв.
|2 stltpush
|3 (RuTPU)RU\TPU\subj\65180
|9 81797
|
| 610 |
1 |
|
|a история
|
| 610 |
1 |
|
|a 18 век
|
| 610 |
1 |
|
|a загадки
|
| 686 |
|
|
|a Т3(2)51
|v LBC/SL-A
|2 rubbk
|
| 700 |
|
1 |
|a Иванов
|b О. А.
|g Олег Александрович
|
| 701 |
|
1 |
|a Лопатин
|b В. С.
|g Вячеслав Сергеевич
|
| 701 |
|
1 |
|a Писаренко
|b К. А.
|g Константин Анатольевич
|
| 801 |
|
0 |
|a RU
|b 63413507
|c 20011209
|g PSBO
|
| 801 |
|
2 |
|a RU
|b 63413507
|c 20180326
|g PSBO
|
| 942 |
|
|
|c BK
|